000 00978cam a2200325 a 4500
005 20260322212049.0
008 data
010 _a 92009508
020 _a0065011236
020 _a9780065011234
040 _aDLC
_cDLC
_dDLC
050 0 0 _aPE1417
_b.G76 1992
082 0 0 _a808/.0427
_220
092 _a808.04 G76 1992
245 0 0 _aGrowing up, growing old /
_cedited by Judith Olson-Fallon & HarperCollins (Firm).
260 _aNew York :
_bHarperCollins College Publishers,
_cc1992.
300 _axiii, 235 p. ;
_c21 cm.
490 1 _aThe writer's library
650 0 _aCollege readers.
650 0 _aOld age
_xProblems, exercises, etc.
650 0 _aAging
_xProblems, exercises, etc.
650 0 _aEnglish language
_xRhetoric.
650 0 _aReaders
_xOld age.
650 0 _aReaders
_xAging.
650 0 _aReport writing.
700 1 _aOlson-Fallon, Judith,
_d1950-
710 2 _aHarperCollins (Firm)
830 0 _aWriter's library (New York, N.Y.)
001 data
999 _c1154
_d1154